[Event "15th Varna it"]
[Site "Varna BUL"]
[Date "1976.05.??"]
[Round "5"]
[White "Tompa, Janos"]
[Black "Pribyl, Josef"]
[Result "1/2-1/2"]
[WhiteElo "2415"]
[BlackElo "2435"]
[EventDate "1976.05.07"]
[PlyCount "69"]

1.e4 d6 2.d4 Nf6 3.Nc3 g6 4.Nf3 Bg7 5.Be2 O-O 6.O-O c6 7.a4 a5 8.Bf4 Nbd7 
9.Qd2 e5 10.dxe5 dxe5 11.Nxe5 Nxe4 12.Nxe4 Nxe5 13.Qxd8 Rxd8 14.Bg5 Rd4 
15.Nf6+ Kh8 16.c3 Rd8 17.f4 h6 18.Bh4 g5 19.fxg5 Ng6 20.gxh6 Bxh6 21.Ng4 
Bxg4 22.Bf6+ Kg8 23.Bxg4 Rd2 24.Rab1 Be3+ 25.Kh1 Nf4 26.Rf3 Re8 27.h4 Nd5 
28.Bd7 Re4 29.Bf5 Rxa4 30.Rg3+ Kf8 31.Bg7+ Ke7 32.b4 axb4 33.c4 Bf2 34.Rf3
Nc3 35.Bxc3 1/2-1/2

[Event "15th Varna it"]
[Site "Varna BUL"]
[Date "1976.05.??"]
[Round "6"]
[White "Barczay, Laszlo"]
[Black "Knezevic, Milorad"]
[Result "1/2-1/2"]
[WhiteElo "2485"]
[BlackElo "2460"]
[EventDate "1976.05.07"]
[PlyCount "37"]

1. e4 e5 2. d4 exd4 3. Nf3 Nc6 4. Bc4 d6 5. Nxd4 Nf6 6. Nc3 Be7 7. O-O O-O 8.
Re1 Re8 9. h3 Ne5 10. Bf1 Bf8 11. Bg5 h6 12. Bh4 c6 13. Kh1 Bd7 14. a4 Ng6 15.
Bg3 Qa5 16. Nb3 Qc7 17. a5 b5 18. axb6 axb6 19. Rxa8 1/2-1/2

[Event "15th Varna it"]
[Site "Varna BUL"]
[Date "1976.05.??"]
[Round "6"]
[White "Espig, Lutz"]
[Black "Tompa, Janos"]
[Result "1/2-1/2"]
[WhiteElo "2480"]
[BlackElo "2415"]
[EventDate "1976.05.07"]
[PlyCount "35"]

1. Nf3 f5 2. g3 Nf6 3. Bg2 g6 4. O-O Bg7 5. c4 O-O 6. Nc3 d6 7. d4 Nc6 8. b3
Ne4 9. Bb2 e5 10. dxe5 Nxc3 11. Bxc3 dxe5 12. Qd5+ Kh8 13. Qxd8 Rxd8 14. Ng5
Re8 15. Bxc6 bxc6 16. Rad1 Bf6 17. Nf3 a5 18. a4 1/2-1/2

[Event "15th Varna it"]
[Site "Varna BUL"]
[Date "1976.05.??"]
[Round "6"]
[White "Kuzmin, Gennady"]
[Black "Prodanov, Dimitar"]
[Result "1/2-1/2"]
[WhiteElo "2565"]
[BlackElo "2315"]
[EventDate "1976.05.07"]
[PlyCount "81"]

1.e4 c5 2.Nf3 e6 3.d4 cxd4 4.Nxd4 Nc6 5.Nc3 a6 6.Be2 Qc7 7.O-O Nf6 8.Kh1 
Bb4 9.Nxc6 bxc6 10.Qd4 Bd6 11.Qe3 O-O 12.f4 e5 13.f5 Be7 14.g4 d5 15.g5 d4
16.Qg3 dxc3 17.gxf6 Bxf6 18.bxc3 c5 19.c4 Bb7 20.Bd3 Rad8 21.Bh6 Kh8 22.
Be3 Rd6 23.Rf3 Rfd8 24.Qg4 Qc6 25.Rg1 g6 26.fxg6 fxg6 27.Bg5 Re8 28.Rgf1 
Bg7 29.Qh4 Rd7 30.Be3 Kg8 31.Rh3 Bh8 32.Qf2 Rc7 33.Rf3 Bg7 34.Rf7 Rec8 35.
Bxc5 Qxc5 36.Qxc5 Rxc5 37.Rxb7 R5c7 38.Rfb1 Bf8 39.Be2 Bc5 40.Bg4 Rxb7 41.
Rxb7 1/2-1/2

[Event "15th Varna it"]
[Site "Varna BUL"]
[Date "1976.05.??"]
[Round "6"]
[White "Pribyl, Josef"]
[Black "Ermenkov, Evgeny"]
[Result "1/2-1/2"]
[WhiteElo "2435"]
[BlackElo "2435"]
[EventDate "1976.05.07"]
[PlyCount "23"]

1. d4 Nf6 2. c4 c5 3. Nf3 cxd4 4. Nxd4 a6 5. g3 d5 6. Bg2 e5 7. Nc2 d4 8. f4
exf4 9. Bxf4 Bc5 10. b4 Be7 11. O-O Nc6 12. b5 1/2-1/2

[Event "15th Varna it"]
[Site "Varna BUL"]
[Date "1976.05.??"]
[Round "6"]
[White "Srebrov, Hristo"]
[Black "Inkiov, Ventzislav"]
[Result "0-1"]
[WhiteElo "2280"]
[BlackElo "2330"]
[EventDate "1976.05.07"]
[PlyCount "112"]

1. e4 c5 2. c4 Nc6 3. Nc3 g6 4. d3 Bg7 5. Nge2 e6 6. g3 Nge7 7. Bg2 O-O 8. O-O
h6 9. f4 d6 10. Be3 Nd4 11. Qd2 f5 12. Bf2 Qa5 13. Rfd1 Nec6 14. Nxd4 cxd4 15.
Nb5 Qd8 16. exf5 gxf5 17. Bxc6 bxc6 18. Nxd4 c5 19. Nb5 Bb7 20. h3 Qd7 21. Kh2
Qc6 22. Rg1 Rf6 23. d4 a6 24. Nc3 cxd4 25. Bxd4 Rg6 26. Bxg7 Kxg7 27. Rad1 Rd8
28. c5 Qxc5 29. Qd4+ Qxd4 30. Rxd4 Kf6 31. Rgd1 Ke7 32. Rb4 Rd7 33. Rb6 Rg8 34.
Rd4 h5 35. Rdb4 Bf3 36. Rb8 Rxb8 37. Rxb8 d5 38. Rc8 d4 39. Nb1 h4 40. Nd2 Bb7
41. Rc4 hxg3+ 42. Kxg3 Kf6 43. Kf2 e5 44. fxe5+ Kxe5 45. Nf3+ Bxf3 46. Kxf3 d3
47. Rc5+ Kd4 48. Rc8 f4 49. h4 d2 50. Ke2 Ke4 51. Re8+ Kf5 52. Kd1 Kg4 53. Rf8
Rd4 54. Rf6 Kxh4 55. Rc6 f3 56. Rh6+ Kg3 0-1

[Event "15th Varna it"]
[Site "Varna BUL"]
[Date "1976.05.??"]
[Round "6"]
[White "Suba, Mihai"]
[Black "Spiridonov, Nikola"]
[Result "1-0"]
[WhiteElo "2450"]
[BlackElo "2490"]
[EventDate "1976.05.07"]
[PlyCount "38"]

1. c4 Nf6 2. Nc3 e5 3. Nf3 d6 4. d4 Nbd7 5. g3 g6 6. Bg2 Bg7 7. O-O O-O 8. h3
c6 9. e4 a5 10. Be3 exd4 11. Nxd4 Re8 12. Qc2 Nc5 13. Rad1 Nfd7 14. Rd2 a4 15.
Rfd1 Qa5 16. Nb1 Qb4 17. Na3 Nf6 18. f3 Nfd7 19. Bf2 {53 moves} 1-0

[Event "15th Varna it"]
[Site "Varna BUL"]
[Date "1976.05.??"]
[Round "7"]
[White "Ermenkov, Evgeny"]
[Black "Espig, Lutz"]
[Result "1/2-1/2"]
[WhiteElo "2435"]
[BlackElo "2480"]
[EventDate "1976.05.07"]
[PlyCount "29"]

1. e4 c5 2. Nf3 e6 3. d4 cxd4 4. Nxd4 Nf6 5. Nc3 d6 6. f4 a6 7. Qf3 Qc7 8. g4
Nc6 9. Nb3 b5 10. g5 Nd7 11. Bd3 Bb7 12. a4 b4 13. Nb1 Na5 14. N1d2 Nxb3 15.
Nxb3 1/2-1/2

[Event "15th Varna it"]
[Site "Varna BUL"]
[Date "1976.05.??"]
[Round "7"]
[White "Hernandez Onna, Roman"]
[Black "Pribyl, Josef"]
[Result "1/2-1/2"]
[WhiteElo "2460"]
[BlackElo "2435"]
[EventDate "1976.05.07"]
[PlyCount "46"]

1. e4 Nf6 2. e5 Nd5 3. d4 d6 4. Nf3 g6 5. Bc4 Nb6 6. Bb3 Bg7 7. Ng5 d5 8. f4
Nc6 9. c3 h6 10. Nf3 Bf5 11. Nbd2 e6 12. Nf1 Na5 13. Bc2 Bf8 14. Ne3 Bxc2 15.
Nxc2 Qd7 16. b3 Nc8 17. Ba3 Bxa3 18. Nxa3 Ne7 19. Nc2 b5 20. Ne3 h5 21. Ng5 Nf5
22. Nxf5 gxf5 23. O-O Nc6 1/2-1/2

[Event "15th Varna it"]
[Site "Varna BUL"]
[Date "1976.05.??"]
[Round "7"]
[White "Inkiov, Ventzislav"]
[Black "Barczay, Laszlo"]
[Result "1-0"]
[WhiteElo "2330"]
[BlackElo "2485"]
[EventDate "1976.05.07"]
[PlyCount "127"]

1.d4 Nf6 2.c4 e6 3.g3 d5 4.Bg2 Be7 5.Nf3 O-O 6.O-O dxc4 7.Ne5 Nc6 8.Bxc6 
bxc6 9.Nxc6 Qe8 10.Nxe7+ Qxe7 11.Qa4 e5 12.dxe5 Qxe5 13.Nc3 Qe6 14.f3 Bb7 
15.Qb5 Bc6 16.Qc5 Rfe8 17.Bf4 Rab8 18.Rab1 Rb7 19.Rfd1 Nd7 20.Qd4 h6 21.g4
Nf6 22.Bg3 h5 23.h3 a5 24.Qc5 hxg4 25.hxg4 Nxg4 26.fxg4 Qxg4 27.Qxc6 Qxg3+
28.Qg2 Qe3+ 29.Kf1 c6 30.Qf3 Qh6 31.Ne4 c3 32.bxc3 Rxb1 33.Rxb1 Qg6 34.Rb7
f5 35.Nf2 Qg5 36.Nd3 Re4 37.Qf2 Rh4 38.Qg2 Rg4 39.Qf2 Rh4 40.Qf3 Rg4 41.
Qh1 Re4 42.Rd7 Qf6 43.Rd4 c5 44.Rd7 c4 45.Nf2 Rxe2 46.Qd5+ Qe6 47.Qxe6+ 
Rxe6 48.Rc7 Rb6 49.Rxc4 Kf7 50.Rc5 Kf6 51.Rxa5 g5 52.Nd3 g4 53.c4 Kg5 54.
Rb5 Ra6 55.c5 Kh4 56.Rb2 Ra3 57.Nb4 g3 58.c6 Kh3 59.Rc2 Rf3+ 60.Kg1 Re3 
61.Rc1 Re2 62.c7 Rg2+ 63.Kf1 Rh2 64.c8=Q 1-0

[Event "15th Varna it"]
[Site "Varna BUL"]
[Date "1976.05.??"]
[Round "7"]
[White "Prodanov, Dimitar"]
[Black "Suba, Mihai"]
[Result "1/2-1/2"]
[WhiteElo "2315"]
[BlackElo "2450"]
[EventDate "1976.05.07"]
[PlyCount "81"]

1. e4 Nf6 2. e5 Nd5 3. d4 d6 4. Nf3 Bg4 5. Be2 c6 6. O-O Bxf3 7. Bxf3 dxe5 8.
dxe5 e6 9. Qe2 Nd7 10. c4 Ne7 11. b3 Ng6 12. Bb2 Qg5 13. g3 Ngxe5 14. Bg2 Qg4
15. f3 Qf5 16. Kh1 h5 17. Re1 Nd3 18. Rd1 Nxb2 19. Qxb2 h4 20. g4 Qf4 21. Qd2
Qc7 22. Nc3 h3 23. Bf1 O-O-O 24. Ne4 Be7 25. Qb2 f5 26. Ng3 Bc5 27. Qe2 Rde8
28. a3 g6 29. b4 Bd6 30. Qf2 Kb8 31. Ra2 Bf4 32. Ne2 Nf6 33. gxf5 exf5 34. Nxf4
Qxf4 35. Rd4 Qc1 36. Rad2 g5 37. Rd1 Qxa3 38. b5 cxb5 39. cxb5 f4 40. R4d3 Qb4
41. Rd6 1/2-1/2

[Event "15th Varna it"]
[Site "Varna BUL"]
[Date "1976.05.??"]
[Round "7"]
[White "Spiridonov, Nikola"]
[Black "Srebrov, Hristo"]
[Result "1-0"]
[WhiteElo "2490"]
[BlackElo "2280"]
[EventDate "1976.05.07"]
[PlyCount "107"]

1. Nf3 e6 2. g3 f5 3. Bg2 Nf6 4. O-O Be7 5. d4 O-O 6. Qd3 d6 7. Nbd2 Nc6 8. e4
fxe4 9. Nxe4 e5 10. dxe5 Nxe5 11. Nxe5 dxe5 12. Qb3+ Kh8 13. Ng5 Qe8 14. Ne6
Bxe6 15. Qxe6 Bc5 16. Qc4 Bb6 17. Qe2 c6 18. Be3 Bc7 19. Bc5 Rg8 20. Rad1 Qe6
21. b3 a5 22. a4 Rae8 23. Be4 Rd8 24. c4 Rge8 25. Kg2 b6 26. Ba3 Rd4 27. Bc2 c5
28. Bb2 Qc6+ 29. Kg1 Bd6 30. Bxd4 cxd4 31. Rfe1 Bb4 32. Be4 Qd6 33. Rf1 Bc3 34.
f3 Qb4 35. Bc2 g6 36. Kg2 Kg7 37. h4 Qe7 38. Rh1 Nd7 39. h5 Nc5 40. hxg6 hxg6
41. Rh4 Qd6 42. Bd3 Rh8 43. Rdh1 Rxh4 44. Rxh4 Qf6 45. f4 Nxd3 46. Qxd3 Qc6+
47. Kg1 e4 48. Qc2 Qe8 49. Kf1 Kf6 50. Rh6 Qe6 51. g4 Kg7 52. f5 Qe5 53. Rxg6+
Kh7 54. Qf2 1-0

[Event "15th Varna it"]
[Site "Varna BUL"]
[Date "1976.05.??"]
[Round "7"]
[White "Tompa, Janos"]
[Black "Kuzmin, Gennady"]
[Result "0-1"]
[WhiteElo "2415"]
[BlackElo "2565"]
[EventDate "1976.05.07"]
[PlyCount "96"]

1.e4 c5 2.Nf3 e6 3.d4 cxd4 4.Nxd4 Nc6 5.Nb5 d6 6.c4 Nf6 7.N1c3 a6 8.Na3 
Be7 9.Be2 O-O 10.O-O b6 11.Be3 Bb7 12.f4 Rc8 13.Bf3 Na5 14.Qd4 e5 15.Qd3 
exf4 16.Bxf4 Nd7 17.Nd5 Ne5 18.Bxe5 dxe5 19.Rac1 Bxd5 20.cxd5 b5 21.Bg4 
Qb6+ 22.Kh1 Rxc1 23.Rxc1 g6 24.Nc2 h5 25.Bh3 Nb7 26.Qc3 Nc5 27.Re1 Qf6 28.
Qe3 Qh4 29.Nb4 Bg5 30.g3 Bxe3 31.gxh4 Bd2 32.Re2 Bxb4 33.a3 Bd2 34.Rxd2 
Nxe4 35.Rc2 Rd8 36.Bg2 Nd6 37.Rc6 a5 38.b3 Kg7 39.Kg1 f5 40.Ra6 Kf6 41.Bf1
b4 42.a4 e4 43.Rxa5 Ke5 44.Rc5 f4 45.a5 f3 46.a6 e3 47.Rc1 Ne4 48.Bb5 e2 
0-1

[Event "15th Varna it"]
[Site "Varna BUL"]
[Date "1976.05.??"]
[Round "8"]
[White "Espig, Lutz"]
[Black "Hernandez Onna, Roman"]
[Result "1-0"]
[WhiteElo "2480"]
[BlackElo "2460"]
[EventDate "1976.05.07"]
[PlyCount "93"]

1.e4 c5 2.Nc3 e6 3.Nge2 Nc6 4.d4 d5 5.exd5 exd5 6.Be3 c4 7.g3 Nf6 8.Bg2 
Bb4 9.O-O h6 10.Nf4 Bg4 11.Qb1 Ne7 12.h3 Bf5 13.a3 Ba5 14.b4 Bc7 15.Qd1 
Qd7 16.Nh5 Nxh5 17.Qxh5 Rd8 18.Rfe1 O-O 19.Bxh6 Bg6 20.Qe2 Rfe8 21.Bg5 f6 
22.Be3 Bf7 23.Rad1 Nf5 24.Qd2 Bb6 25.g4 Nxe3 26.Rxe3 Rxe3 27.Qxe3 a5 28.
Qd2 Re8 29.Ne2 axb4 30.axb4 Bg6 31.Nf4 Be4 32.Re1 Bxg2 33.Rxe8+ Qxe8 34.
Nxg2 Qe4 35.c3 Kf7 36.Qe3 Qb1+ 37.Qe1 Qxe1+ 38.Nxe1 Bc7 39.Kf1 Ke6 40.Ke2 
f5 41.Ng2 fxg4 42.hxg4 g5 43.f4 Bd8 44.Kf3 Be7 45.Ne3 Bd8 46.Nd1 gxf4 47.
Kxf4 1-0

[Event "15th Varna it"]
[Site "Varna BUL"]
[Date "1976.05.??"]
[Round "8"]
[White "Kuzmin, Gennady"]
[Black "Ermenkov, Evgeny"]
[Result "1-0"]
[WhiteElo "2565"]
[BlackElo "2435"]
[EventDate "1976.05.07"]
[PlyCount "73"]

1.e4 c5 2.Nf3 Nc6 3.d4 cxd4 4.Nxd4 Nf6 5.Nc3 d6 6.Bc4 e6 7.Be3 Be7 8.Bb3 
O-O 9.O-O a6 10.f4 Nxd4 11.Bxd4 b5 12.e5 dxe5 13.fxe5 Nd7 14.Qh5 Nc5 15.
Rad1 Bb7 16.Bxc5 Bxc5+ 17.Kh1 Qc7 18.Rd3 Rfd8 19.Rh3 h6 20.Rg3 Rd2 21.Ne2 
Rad8 22.Nf4 Rf2 23.Rxf2 Bxf2 24.Rd3 Be4 25.Nxe6 fxe6 26.Bxe6+ Kh8 27.Qf7 
Bb6 28.Rd7 Qxd7 29.Bxd7 Bc5 30.h4 Rf8 31.Qe6 Rf2 32.Bc6 Rf4 33.Kh2 Bf5 34.
Qe8+ Kh7 35.Bd5 Rxh4+ 36.Kg3 Rg4+ 37.Kf3 1-0

[Event "15th Varna it"]
[Site "Varna BUL"]
[Date "1976.05.??"]
[Round "8"]
[White "Pribyl, Josef"]
[Black "Knezevic, Milorad"]
[Result "1-0"]
[WhiteElo "2435"]
[BlackElo "2460"]
[EventDate "1976.05.07"]
[PlyCount "81"]

1.e4 e5 2.Nf3 Nc6 3.Bb5 Nf6 4.O-O Bc5 5.c3 O-O 6.d4 Bb6 7.Bg5 h6 8.Bxf6 
Qxf6 9.Bxc6 Qxc6 10.Nxe5 Qxe4 11.Nd2 Qf5 12.Nec4 d5 13.Nxb6 axb6 14.Re1 
Be6 15.Nf1 Rfe8 16.Re5 Qg6 17.Ne3 f6 18.Rh5 Qe4 19.g3 c6 20.Rh4 Qh7 21.Rf4
Bd7 22.a3 Re7 23.Rc1 Rf8 24.Qc2 g5 25.Qxh7+ Kxh7 26.Rf3 f5 27.Ng2 f4 28.
gxf4 Re4 29.Re1 g4 30.Rxe4 dxe4 31.Re3 Re8 32.c4 b5 33.cxb5 cxb5 34.d5 Rc8
35.Rxe4 Rc1+ 36.Re1 Rxe1+ 37.Nxe1 Kg8 38.Nd3 Kf8 39.Nc5 Bf5 40.Nxb7 Ke7 
41.f3 1-0

[Event "15th Varna it"]
[Site "Varna BUL"]
[Date "1976.05.??"]
[Round "8"]
[White "Spiridonov, Nikola"]
[Black "Prodanov, Dimitar"]
[Result "1-0"]
[WhiteElo "2490"]
[BlackElo "2315"]
[EventDate "1976.05.07"]
[PlyCount "131"]

1. e4 e5 2. Nf3 d6 3. d4 Nf6 4. Nc3 Nbd7 5. Bc4 Be7 6. O-O O-O 7. a4 c6 8. a5
Qc7 9. Qe2 h6 10. Bd2 Re8 11. dxe5 dxe5 12. b4 a6 13. Na4 Nf8 14. Nb6 Rb8 15.
Nxc8 Rbxc8 16. Nh4 Ne6 17. c3 Bf8 18. g3 Ng5 19. f3 Kh7 20. Be3 c5 21. b5 axb5
22. Bxb5 Red8 23. a6 bxa6 24. Bxa6 Rb8 25. Bc4 Rb6 26. Bc1 Rdb8 27. Nf5 Rb1 28.
Rxb1 Rxb1 29. Qa2 Rb7 30. h4 Ra7 31. Qb3 Rb7 32. Qa2 Ra7 33. Qe2 Ne6 34. Bd2
Ra3 35. Ne3 Qa7 36. Bxe6 fxe6 37. Nc4 Ra2 38. Qd3 Qa6 39. Be3 Bd6 40. Rd1 Bb8
41. g4 Nd7 42. h5 Bc7 43. Bf2 Ra1 44. Rxa1 Qxa1+ 45. Kg2 Qa4 46. Nb2 Qc6 47.
Qc4 Bd8 48. Be3 Be7 49. Qa4 Qd6 50. Kf2 Qb6 51. Nc4 Qb7 52. Ke2 Bh4 53. Nd2 Bd8
54. Qc4 Qc6 55. Qb3 Qa6+ 56. Qc4 Qc6 57. Qd3 Be7 58. Qb1 Qa6+ 59. c4 Bd8 60.
Qb5 Qd6 61. Nb3 Bg5 62. Bxg5 hxg5 63. Nc1 g6 64. hxg6+ Kxg6 65. Nd3 Qd4 66.
Qxd7 1-0

[Event "15th Varna it"]
[Site "Varna BUL"]
[Date "1976.05.??"]
[Round "8"]
[White "Srebrov, Hristo"]
[Black "Barczay, Laszlo"]
[Result "0-1"]
[WhiteElo "2280"]
[BlackElo "2485"]
[EventDate "1976.05.07"]
[PlyCount "82"]

1. d4 Nf6 2. g3 g6 3. Bg2 Bg7 4. Nf3 O-O 5. O-O d6 6. h3 Nbd7 7. c4 e5 8. dxe5
dxe5 9. Nc3 Qe7 10. Qc2 Nc5 11. Bg5 c6 12. Rad1 Re8 13. e4 Ne6 14. Be3 Nh5 15.
Rd2 Rf8 16. Qd1 f5 17. exf5 gxf5 18. Nxe5 f4 19. gxf4 Nhxf4 20. Nf3 Qf7 21. Ne4
Nxg2 22. Kxg2 Nf4+ 23. Bxf4 Qxf4 24. Ng3 Qxc4 25. Nd4 Qxa2 26. Re1 Qf7 27. Qb3
Bxd4 28. Qxf7+ Rxf7 29. Rxd4 Bd7 30. Ne4 Raf8 31. f3 Rg7+ 32. Ng3 c5 33. Rd3
Bc6 34. Kh2 Rgf7 35. Ree3 Rf4 36. Ne2 Rb4 37. Rd2 Kf7 38. Ng1 Re8 39. Red3 a5
40. Rd6 Re6 41. Rd8 Rb3 0-1

[Event "15th Varna it"]
[Site "Varna BUL"]
[Date "1976.05.??"]
[Round "8"]
[White "Suba, Mihai"]
[Black "Tompa, Janos"]
[Result "1-0"]
[WhiteElo "2450"]
[BlackElo "2415"]
[EventDate "1976.05.07"]
[PlyCount "65"]

1.c4 e5 2.Nc3 Nf6 3.Nf3 Nc6 4.e3 Bb4 5.Qc2 O-O 6.Be2 d6 7.O-O a5 8.d3 h6 
9.b3 Bxc3 10.Qxc3 Ne7 11.Bb2 b6 12.Nd2 Bb7 13.f4 exf4 14.Rxf4 Ng6 15.Rg4 
a4 16.Rf1 axb3 17.axb3 Ra2 18.Rg3 Qe7 19.Bd1 Ra5 20.e4 Ne8 21.Nf3 c5 22.
Re1 Kh7 23.e5 d5 24.d4 dxc4 25.Qxc4 Nf4 26.Bc2+ g6 27.d5 Nxd5 28.e6 f5 29.
Ng5+ Kg8 30.Nf7 Rxf7 31.exf7+ Qxf7 32.Qh4 Ra2 33.Qxh6 1-0

[Event "15th Varna it"]
[Site "Varna BUL"]
[Date "1976.05.??"]
[Round "9"]
[White "Ermenkov, Evgeny"]
[Black "Suba, Mihai"]
[Result "0-1"]
[WhiteElo "2435"]
[BlackElo "2450"]
[EventDate "1976.05.07"]
[PlyCount "84"]

1.e4 Nf6 2.e5 Nd5 3.d4 d6 4.Bc4 c6 5.Nf3 Bg4 6.O-O dxe5 7.dxe5 e6 8.h3 Bh5
9.Qe2 Nd7 10.Re1 Be7 11.Nbd2 Qc7 12.Bb3 a5 13.c4 Nb4 14.a3 Na6 15.Bc2 Nac5
16.b3 Bg6 17.Bxg6 hxg6 18.Bb2 O-O 19.Qe3 Rfd8 20.Bd4 b6 21.g3 Qb7 22.h4 
Nf8 23.Kg2 Rd7 24.Rh1 Rad8 25.Bxc5 Bxc5 26.Qf4 Be7 27.Ne4 c5 28.Rh3 Rd1 
29.Rxd1 Rxd1 30.g4 Rd3 31.h5 Rxb3 32.h6 Nh7 33.g5 gxh6 34.gxh6 Rxa3 35.Rg3
Qd7 36.Nf6+ Bxf6 37.exf6 Qd8 38.Ng5 Rxg3+ 39.fxg3 Nxg5 40.Qxg5 Qd4 41.h7+ 
Kxh7 42.g4 a4 0-1

[Event "15th Varna it"]
[Site "Varna BUL"]
[Date "1976.05.??"]
[Round "9"]
[White "Hernandez Onna, Roman"]
[Black "Kuzmin, Gennady"]
[Result "1/2-1/2"]
[WhiteElo "2460"]
[BlackElo "2565"]
[EventDate "1976.05.07"]
[PlyCount "142"]

1. c4 e5 2. Nc3 Nf6 3. Nf3 Nc6 4. e3 Bb4 5. Qc2 O-O 6. Be2 Re8 7. O-O Bxc3 8.
bxc3 d6 9. e4 Nh5 10. g3 Bh3 11. Re1 Re6 12. d4 Rg6 13. d5 Na5 14. Nxe5 dxe5
15. Bxh5 Nxc4 16. Bxg6 fxg6 17. Qd3 Qf6 18. f3 Rf8 19. Rb1 Nd6 20. Ba3 b6 21.
c4 Qxf3 22. Qxf3 Rxf3 23. Bxd6 cxd6 24. Rb3 Rf7 25. a4 Rc7 26. Rc1 Bd7 27. a5
bxa5 28. c5 Rxc5 29. Rbc3 a4 30. Rxc5 dxc5 31. Rxc5 a6 32. d6 Kf7 33. Rxe5 Kf6
34. Rc5 Ke6 35. Kf2 Kxd6 36. Rc3 Be6 37. Ke3 g5 38. Kd4 g4 39. e5+ Kd7 40. Rc5
a3 41. Ra5 a2 42. Rxa6 g5 43. Kc5 Bb3 44. Ra7+ Ke6 45. Kd4 Kf5 46. Ra5 Ke6 47.
Ra6+ Ke7 48. Kc3 Bd5 49. Kd2 Kf7 50. Rf6+ Kg7 51. Rf1 Bc4 52. Rc1 Bd5 53. Rd1
Be6 54. Kc3 Kf7 55. Rf1+ Ke7 56. Kb2 Bc4 57. Rf6 Be6 58. Rh6 Kf7 59. Rf6+ Ke7
60. Ka1 Bd5 61. Rf5 Be6 62. Rf6 Bd5 63. Rh6 Kf7 64. Rxh7+ Ke6 65. Rg7 Kf5 66.
Kb2 Be6 67. Ra7 Kxe5 68. Ra5+ Kf6 69. Kc3 Bf7 70. Kd4 Bb3 71. Ke4 Bc4 1/2-1/2

[Event "15th Varna it"]
[Site "Varna BUL"]
[Date "1976.05.??"]
[Round "9"]
[White "Knezevic, Milorad"]
[Black "Espig, Lutz"]
[Result "1/2-1/2"]
[WhiteElo "2460"]
[BlackElo "2480"]
[EventDate "1976.05.07"]
[PlyCount "35"]

1. d4 d5 2. c4 e6 3. Nc3 c5 4. e3 Nf6 5. Nf3 a6 6. a3 dxc4 7. Bxc4 b5 8. Be2
Bb7 9. O-O Nc6 10. dxc5 Bxc5 11. b4 Be7 12. Bb2 Qxd1 13. Rfxd1 O-O 14. h3 Rfd8
15. Rxd8+ Rxd8 16. Rd1 Rxd1+ 17. Bxd1 Kf8 18. Kf1 1/2-1/2

[Event "15th Varna it"]
[Site "Varna BUL"]
[Date "1976.05.??"]
[Round "9"]
[White "Prodanov, Dimitar"]
[Black "Srebrov, Hristo"]
[Result "1-0"]
[WhiteElo "2315"]
[BlackElo "2280"]
[EventDate "1976.05.07"]
[PlyCount "78"]

1. e4 e6 2. d4 d5 3. Nd2 Nf6 4. e5 Nfd7 5. f4 b6 6. Ndf3 Be7 7. Bd3 Ba6 8. Ne2
c5 9. c3 Bxd3 10. Qxd3 g6 11. O-O Nc6 12. Bd2 Qc7 13. Rac1 O-O-O 14. c4 Kb7 15.
cxd5 exd5 16. Kh1 h6 17. Nc3 Nb4 18. Qe2 Qc6 19. a3 Na6 20. dxc5 bxc5 21. b4
cxb4 22. Nb5 Qb6 23. Be3 Bc5 24. Nd6+ Ka8 25. Bxc5 Ndxc5 26. axb4 Ne4 27. Nxf7
Nxb4 28. Nxh8 Rxh8 29. Nd2 Nc5 30. f5 Ncd3 31. Rcd1 Re8 32. Nf3 Nf4 33. Qd2 g5
34. e6 Nfd3 35. Qc3 Qe3 36. Qd2 Qe4 37. Rb1 Rb8 38. Ng1 Nf4 39. Rfe1 Qxf5 1-0

[Event "15th Varna it"]
[Site "Varna BUL"]
[Date "1976.05.??"]
[Round "9"]
[White "Tompa, Janos"]
[Black "Spiridonov, Nikola"]
[Result "0-1"]
[WhiteElo "2415"]
[BlackElo "2490"]
[EventDate "1976.05.07"]
[PlyCount "144"]

1. e4 Nf6 2. e5 Nd5 3. d4 d6 4. Nf3 g6 5. Bc4 c6 6. O-O Bg7 7. h3 O-O 8. Qe2 a5
9. a4 Na6 10. c3 Nac7 11. Na3 f6 12. exf6 exf6 13. Re1 Be6 14. Qc2 Qd7 15. Bd2
Bf7 16. Re2 b5 17. Bd3 Nb6 18. Rae1 Nc4 19. Re7 Qc8 20. axb5 cxb5 21. Bxc4 bxc4
22. Qe4 d5 23. Qh4 Rb8 24. Bf4 Rb7 25. Qg4 Ne6 26. Rxb7 Qxb7 27. Bc1 Re8 28.
Qg3 Qd7 29. Nh2 Nxd4 30. Kf1 Rxe1+ 31. Kxe1 Qe6+ 32. Be3 Nf5 33. Qb8+ Qe8 34.
Qxe8+ Bxe8 35. Bb6 a4 36. Nf3 Bh6 37. Kd1 Nd6 38. Nc2 Ne4 39. Nb4 Bf7 40. Ne1
a3 41. bxa3 Nxc3+ 42. Kc2 Na4 43. Bd4 f5 44. Nf3 Kf8 45. Ne5 Be6 46. Na6 Ke7
47. Nc5 Nxc5 48. Bxc5+ Kd8 49. h4 Kc7 50. g3 f4 51. a4 fxg3 52. fxg3 g5 53.
hxg5 Bxg5 54. Kc3 Bf6 55. Bd4 Be7 56. Be3 Kb7 57. a5 Bd6 58. Bf4 Bc7 59. Kb4
Ka6 60. Kc5 Bxa5 61. Nc6 Bb6+ 62. Kd6 Kb5 63. Ne7 Bf7 64. Nxd5 Bxd5 65. Kxd5 c3
66. g4 c2 67. Bd2 Bf2 68. g5 Bb6 69. Bc1 Kb4 70. Bd2+ Kb3 71. Ke4 Kb2 72. Kd3
Bc5 0-1

[Event "15th Varna it"]
[Site "Varna BUL"]
[Date "1976.05.??"]
[Round "10"]
[White "Espig, Lutz"]
[Black "Inkiov, Ventzislav"]
[Result "1-0"]
[WhiteElo "2480"]
[BlackElo "2330"]
[EventDate "1976.05.07"]
[PlyCount "113"]

1.e4 c5 2.Nc3 d6 3.f4 e6 4.Nf3 a6 5.g3 Nc6 6.Bg2 g6 7.d3 Bg7 8.O-O Nge7 9.
Be3 Nd4 10.Qd2 O-O 11.Rae1 Rb8 12.Nh4 b6 13.Nd1 f5 14.c3 Ndc6 15.h3 Bb7 
16.Bf2 Qd7 17.exf5 exf5 18.d4 Rbd8 19.Re2 Rfe8 20.Rfe1 Na5 21.d5 Nc4 22.
Qd3 b5 23.b3 Nb6 24.c4 Na8 25.g4 Nc7 26.Bf3 Bc8 27.Ne3 Kh8 28.Nf1 Ng8 29.
gxf5 Rxe2 30.Rxe2 Bf6 31.Ne3 Rf8 32.fxg6 Qd8 33.Neg2 Bxh3 34.gxh7 Ne7 35.
Rxe7 Bxe7 36.Ng6+ Kg7 37.Nxf8 Qxf8 38.Be4 Bxg2 39.Qg3+ Kh8 40.Kxg2 Ne8 41.
Kf3 Nf6 42.Qg6 Qg7 43.Qxg7+ Kxg7 44.a3 bxc4 45.bxc4 Nxh7 46.Bxh7 Kxh7 47.
Kg4 Kg6 48.f5+ Kf7 49.Bh4 Bf8 50.f6 Bh6 51.Bg5 Bxg5 52.Kxg5 a5 53.a4 Kf8 
54.f7 Kxf7 55.Kf5 Ke7 56.Kg6 Ke8 57.Kf6 1-0

[Event "15th Varna it"]
[Site "Varna BUL"]
[Date "1976.05.??"]
[Round "10"]
[White "Kuzmin, Gennady"]
[Black "Knezevic, Milorad"]
[Result "0-1"]
[WhiteElo "2565"]
[BlackElo "2460"]
[EventDate "1976.05.07"]
[PlyCount "104"]

1.e4 e5 2.Nf3 Nc6 3.Bb5 Nf6 4.O-O Bc5 5.Nxe5 Nxe4 6.Qe2 Nxe5 7.Qxe4 Qe7 8.
d4 Nc6 9.Qg4 f5 10.Qh5+ g6 11.Qd1 Nxd4 12.b4 Bb6 13.Nc3 c6 14.Na4 Ne6 15.
Nxb6 axb6 16.Bc4 d5 17.Bb3 Qxb4 18.Bb2 O-O 19.Re1 b5 20.Qe2 Qd6 21.Qd2 b4 
22.c4 bxc3 23.Qxc3 Kf7 24.Rad1 Bd7 25.a4 Qe7 26.Re2 Rg8 27.Rde1 Rae8 28.
Re5 Qg5 29.g3 Qd8 30.h4 Nc7 31.Rxe8 Nxe8 32.Ba3 Be6 33.Qe3 Qd7 34.f3 Nf6 
35.Bb2 Re8 36.Qd4 Qd8 37.g4 Bd7 38.Rxe8 Bxe8 39.g5 Nh5 40.f4 Qe7 41.Bc3 
Qe4 42.Qh8 Qb1+ 43.Kh2 Qxb3 44.Be5 Qg3+ 45.Kh1 Qxh4+ 46.Kg1 Qe1+ 47.Kg2 
Qb4 48.Qxh7+ Ke6 49.Qc7 Qe7 50.Qb6 Kf7 51.Kf2 Ng7 52.Qb3 Ne6 0-1

[Event "15th Varna it"]
[Site "Varna BUL"]
[Date "1976.05.??"]
[Round "10"]
[White "Pribyl, Josef"]
[Black "Barczay, Laszlo"]
[Result "1/2-1/2"]
[WhiteElo "2435"]
[BlackElo "2485"]
[EventDate "1976.05.07"]
[PlyCount "27"]

1. e4 c5 2. Nc3 Nc6 3. g3 g6 4. Bg2 Bg7 5. d3 d6 6. Nh3 Nf6 7. O-O O-O 8. Kh1
Rb8 9. f4 b5 10. f5 b4 11. Ne2 Ne5 12. a3 a5 13. axb4 axb4 14. fxg6 1/2-1/2

[Event "15th Varna it"]
[Site "Varna BUL"]
[Date "1976.05.??"]
[Round "10"]
[White "Prodanov, Dimitar"]
[Black "Tompa, Janos"]
[Result "0-1"]
[WhiteElo "2315"]
[BlackElo "2415"]
[EventDate "1976.05.07"]
[PlyCount "68"]

1. e4 c5 2. Nf3 e6 3. d4 cxd4 4. Nxd4 Nf6 5. Nc3 d6 6. Be2 a6 7. O-O Nbd7 8. f4
b5 9. Bf3 Bb7 10. a3 Qc7 11. Kh1 Rb8 12. Qe1 Be7 13. g4 Nb6 14. g5 Nfd7 15. f5
Qc4 16. Be3 e5 17. Nde2 a5 18. Qf2 b4 19. axb4 axb4 20. Bxb6 bxc3 21. b3 Qc6
22. Be3 Ba6 23. Rfd1 g6 24. Nxc3 Qxc3 25. Rxa6 Rc8 26. f6 Bf8 27. Rd3 Qb4 28.
c4 h6 29. Bd2 Qb8 30. gxh6 Nc5 31. Bg4 Rd8 32. Rd5 Nxa6 33. Ba5 Nc7 34. Qd2
Bxh6 0-1

[Event "15th Varna it"]
[Site "Varna BUL"]
[Date "1976.05.??"]
[Round "10"]
[White "Spiridonov, Nikola"]
[Black "Ermenkov, Evgeny"]
[Result "0-1"]
[WhiteElo "2490"]
[BlackElo "2435"]
[EventDate "1976.05.07"]
[PlyCount "76"]

1. Nf3 Nf6 2. c4 e6 3. g3 b6 4. Bg2 Bb7 5. O-O c5 6. Nc3 Be7 7. d4 cxd4 8. Qxd4
d6 9. Rd1 a6 10. Bg5 Nbd7 11. Qd2 O-O 12. Bf4 Ne8 13. Ng5 Bxg2 14. Kxg2 Qc7 15.
Nge4 Rd8 16. Qd3 Ne5 17. Bxe5 dxe5 18. Qe3 Rxd1 19. Rxd1 f5 20. Nd2 Bc5 21. Qd3
e4 22. Qc2 Nf6 23. e3 Ng4 24. Nf1 Ne5 25. Ne2 g5 26. a3 Be7 27. Nd4 Kf7 28. Qa4
Qxc4 29. b4 Rd8 30. Nd2 Qc8 31. Qb3 Kf6 32. Rc1 Qd7 33. Rc7 Qxc7 34. Qxe6+ Kg7
35. Nxf5+ Kf8 36. Nxe4 Nf7 37. Nf6 Bxf6 38. Qxf6 Qe5 0-1